000 01674nam a2200181 4500
001 1211
005 20230410115450.0
008 060907n1997 dr spa
035 _9funglode1217
041 _aEN
050 1 4 _aHD 77 I61 1997
245 0 _aInternational development and the social sciences :
_bEssays on the history and politics of knoweledge /
_cFrederick Cooper, Randall Packard (Editores)
260 _aLos Angeles, California :
_bUniversity of California Press,
_c1997
300 _axii, 361 p.
520 _aInstruments and idioms of colonial and national development : India's historical experience in comparative perspective, 45. -- Modernizing bureaucrats, backward africans, and the development concept, 64. -- Vision of postwar health and their impact on public health interventions in the developing world, 93. -- Intellectual openings and policy closures : Disequilibria in contemporary development economics, 119. -- Anthropology and its twin : Development in the constitution of a discipline, 150. -- Population science private foundations, and development aid : The transformation of demographic knowledge in the United States, 176. -- Redefining development at the world bank, 203. -- Development ideas in Latin America : Paradingm shift and the economic commission for Latin America, 228. -- Found in most traditional societies : Traditional medical practitioners between culture and development, 259. -- Senegalese development : From mass mobilization to technocratic elitism, 291. -- Agrarian populism in the development of a modern nation, 320
700 _aCooper, Frederick, ed. \ Packard, Randall, ed
942 _2lcc
_cbk
999 _c41734
_d41734